=LDR 00000nam 2200000 4500 =001 NUTBA000000000006188 =005 20141125084417.0 =006 =007 =008 =020 ##$$a 979-28-0231-3 =035 ##$$0010-111400000000667 =040 ##$$a NBPDMAT =082 ##$$a 613 =090 ##$$a 613 $b Isw p =100 ##$$a Iswanto =245 ##$$a Pola hidup sehat dalam keluarga / $c Iswanto =260 ##$$a Jakarta : $b Sunda Kelapa, $c 2007 =300 ##$$a iv, 52 hlm. : $b ilus. ; $c 25 cm. =650 ##$$a Kesehatan =990 ##$$a 0001/BPAP-NTB/2016 =990 ##$$a 0001/BPAP-NTB/2016